=LDR 00000nam 2200000 4500 =001 INLIS000000000014801 =005 20200716023117 =035 ##$$a 0010-061300000014801 =008 200716################g##########0#ind## =041 ##$$a Ind =082 ##$$a 2x6.4 =090 ##$$a 922, Ula u =245 ##$$a Ulama perempuan Indonesia /$c Editor Jajat Burhanudin =260 ##$$a Jakarta :$b Gramedia Pustaka Utama,$c 2002 =300 ##$$a xxxviii, 371 hlm, ; $c 19 x 13 cm =650 #4$$a Ulama =700 #$$a Burhanudin, Jajat =850 ##$$a NBPNMAT =084 ##$$a 2x6.4 ULA =990 ##$$a 30501034 =990 ##$$a 30501035 =990 ##$$a 30501036 =990 ##$$a 30501037 =990 ##$$a 10406953 =990 ##$$a 10406952 =990 ##$$a 10406953 =990 ##$$a 30501034 =990 ##$$a 30501035 =990 ##$$a 30501036 =990 ##$$a 30501037 =990 ##$$a 10406952